| 000 | 00527nam a2200169 i 4500 | ||
|---|---|---|---|
| 001 | 35651 | ||
| 003 | ES-MaACL | ||
| 005 | 20230906155157.0 | ||
| 007 | t| | ||
| 008 | 030213s1981 sp ||||1| spa d | ||
| 100 | 1 |
_aBoudon, Raymond. _930858 |
|
| 245 | 1 | 3 |
_aLa lógica de lo social _b: introducción al análisis sociológico / _cRaymond Boudon ; [versión Luis Horno Liria]. |
| 260 |
_aMadrid : _bRialp, _c[1981] |
||
| 300 |
_a247 p. ; _c23 cm. |
||
| 700 | 1 |
_aHorno Liria, Luis. _964232 |
|
| 852 |
_aES-MaACL _jL-1204 _bR.101798 |
||
| 999 |
_c35651 _d35651 |
||